| 000 | 00810nam a2200193 i 4500 | ||
|---|---|---|---|
| 001 | 168044 | ||
| 003 | ES-MaACL | ||
| 005 | 20230906213650.0 | ||
| 008 | 950110s1840 sp |||| | spa d | ||
| 040 |
_aEUS _bspa _cEUS |
||
| 100 | 1 |
_aYanguas y Miranda, José. _9117557 |
|
| 245 | 1 | 0 |
_aDiccionario de antigüedades del Reino de Navarra / _cpor José Yanguas y Miranda. |
| 260 |
_aPamplona : _b[s.n.], _c1840 ( _fImprenta de Javier Goyeneche) |
||
| 300 |
_a3 v. ; _c21 cm. |
||
| 505 | 8 | _aT.I. A-F (VIII, 588, [1] p.) -- t.II. G-P (784, [1] p.) -- t.III. Q-Z (542, [22] p.). | |
| 596 | _aT. II impreso por ¨Imprenta de Francisco Erasun¨ y t. III por ¨Imprenta de José Imaz y Gadea. | ||
| 651 | 4 |
_aNavarra (Reino)- _xHistoria. _99115 |
|
| 852 |
_aES-MaACL _jR-3071-73 _xOlim:C-343-345 _z-- Enc. hol. |
||
| 999 |
_c168044 _d168044 |
||